000 00676nam a2200145Ia 4500
008 090124s9999 xx 000 0 und d
082 _b33859
245 _a विशेष आर्थिक क्षेत्र की विशेष आपत्ती क्षेत्र ?
250 _a1
260 _bगोविलकर विनायक
_c2006
300 _a76
630 _a विशेष आर्थिक क्षेत्र की विशेष आपत्ती क्षेत्र ?
730 _a विशेष आर्थिक क्षेत्र की विशेष आपत्ती क्षेत्र ?
942 _cBOOK
999 _c188726
_d188726